Christiano Ronaldo Quiz - Statistics

General Stats
  • This quiz has been taken 55 times
  • The average score is 5 of 6
Answer Stats
Question Answer % Correct
How many Ballondor‘s have Christiano Ronaldo? 5
100%
How Christiano Ronaldo also known? CR7
100%
Does Ronaldo met Mr Beast? Yes
96%
What was Christiano Ronaldos first club? Sporting Lissabon
91%
How old is Christiano Ronaldo? 39
83%
Is Christiano Ronaldo the goat? No Ronaldo and Messi
26%
No matching quizzes found
Score Distribution
Percent of People with Each Score
Percentile by Number Answered
Your Score History
You have not taken this quiz